000 00469nam a2200181Ia 4500
005 20250326124506.0
008 250326s9999 xx 000 0 und d
037 _aTextbook
040 _aFMSL
_beng
_cFMSL
041 _aeng
_2eng
084 _aX:8 K8;K9
_qFMSL
100 _aBlake R R
245 0 _aManagerial grid
_cBlake R R; Mouton J S
260 _aUSA
_bUSA, Gulf
_c1969
300 _a340p
942 _cTB
_hX:8 K8;K9
999 _c1273926
_d1273926